01013 a2200205 45000010006000000050017000060080041000230030015000640400040000790800055001192450070001740200022002442640033002663000011002995050422003100410008007321000023007407000022007637000022007856038620260407155854.0260407a2007 arg spa dAR-UNSa-BCEJYS aAR-UNSa-BCEJYSbspacAR-UNSa-BCEJYS a316.2xPuntos de vista y corrientes sociológicas10aLa impronta espacial - temporal en el análisis social clásico a978-950-786-208-3 1aBuenos Aires :bBiblosc2007 a119 p. a1. De la comunidad estamental a la sociedad de clases - 2. El proceso de industrialización y la consolidación del capitalismo – 3. La “física social positivista – 4. La revolución conceptual del materialismo histórico – 5. La visión “organicista” de la integración social y de la división del trabajo en Émile Durkheim – 6. La sociología comprensiva y la racionalidad en Max Weber -  aspa1 aLucchini, Cristina1 aSiffredi, Liliana1 aLabiaguerre, Juan